000 00518nam a2200205Ia 4500
005 20260429112211.0
008 260429s9999||||xx |||||||||||||| ||und||
020 _a9789355276070
041 _aEnglish
082 _a320.1
_bMAC
100 _aMachiavelli, Niccolo
245 0 _aPrince /
_cNiccolo Machiavelli
250 _a1st ed.
260 _aChennai :
_bMaven Books,
_c2024.
300 _axx, 134 p.; hb
650 _a Machiavelli
650 _a Statecraft
650 _aPolitical philosophy
942 _cTB
999 _c52857
_d52857